Statistiques concernant Les finales de NBA depuis 1947

Cliquez ici pour prendre le quiz!

Statistiques générales

  • Ce quiz a été pris 7 029 fois
    (1 918 depuis la dernière actualisation)
  • Le résultat moyen est 21 sur 29

Statistiques - réponses

#Vainqueur% Correct
32Los Angeles Lakers
99%
22Boston Celtics
98%
12Golden State Warriors
97%
7Miami Heat
96%
1Denver Nuggets
95%
6San Antonio Spurs
95%
3Milwaukee Bucks
94%
6Chicago Bulls
92%
5Cleveland Cavaliers
91%
1Toronto Raptors
89%
7Detroit Pistons
85%
2Dallas Mavericks
83%
3Phoenix Suns
83%
4Houston Rockets
80%
8New York Knicks
74%
1Oklahoma City Thunder
73%
2Orlando Magic
70%
2Utah Jazz
70%
2New Jersey Nets
69%
9Philadelphia 76ers
64%
1Sacramento Kings
62%
3Portland Trail Blazers
60%
4Atlanta Hawks
58%
1Indiana Pacers
55%
3Seattle SuperSonics
52%
4Washington Wizards
51%
1Baltimore Bullets
41%
1Chicago Stags
3%
1Washington Capitols
2%

Distribution des résultats

Percentile par nombre de réponses

% des personnes avec chaque résultat

Votre développement - résultats

Vous n’avez pas pris ce quiz depuis la dernière actualisation